<?xml version="1.0" encoding="UTF-8"?>
<collection xmlns="http://www.loc.gov/MARC21/slim">
 <record>
  <leader>01385nam a2200205Ia 4500</leader>
  <controlfield tag="001">TDMU_27251</controlfield>
  <controlfield tag="008">210410s9999    xx            000 0 und d</controlfield>
  <datafield tag="082" ind1=" " ind2=" ">
   <subfield code="a">303.483</subfield>
  </datafield>
  <datafield tag="090" ind1=" " ind2=" ">
   <subfield code="b">TR121</subfield>
  </datafield>
  <datafield tag="100" ind1=" " ind2=" ">
   <subfield code="a">Trần, Ngọc Vương</subfield>
  </datafield>
  <datafield tag="245" ind1=" " ind2="0">
   <subfield code="a">Sự kiện giàn khoan Hải Dương 981 và tham vọng của Trung Quốc độc chiếm Biển Đông</subfield>
  </datafield>
  <datafield tag="245" ind1=" " ind2="0">
   <subfield code="c">Trần Ngọc Vương (ch.b.), Trần Công Trục, Đinh Hoàng Thắng</subfield>
  </datafield>
  <datafield tag="260" ind1=" " ind2=" ">
   <subfield code="a">H.</subfield>
  </datafield>
  <datafield tag="260" ind1=" " ind2=" ">
   <subfield code="b">Thông tin và Truyền thông</subfield>
  </datafield>
  <datafield tag="260" ind1=" " ind2=" ">
   <subfield code="c">2015</subfield>
  </datafield>
  <datafield tag="300" ind1=" " ind2=" ">
   <subfield code="a">258tr.</subfield>
  </datafield>
  <datafield tag="520" ind1=" " ind2=" ">
   <subfield code="a"> Lộ trình hiện thực hoá tham vọng của Trung Quốc độc chiếm Biển Đông. Chứng cứ lịch sử và cơ sở pháp lý khẳng định chủ quyền của Việt Nam đối với quần đảo Hoàng Sa, Trường Sa và những vi phạm của Trung Quốc nhìn từ luật pháp quốc tế. Quan điểm của Việt Nam và dư luận thế giới trước tham vọng của Trung Quốc độc chiếm Biển Đông</subfield>
  </datafield>
  <datafield tag="650" ind1=" " ind2=" ">
   <subfield code="a">Chủ quyền</subfield>
   <subfield code="x">Biển Đông</subfield>
   <subfield code="z">Việt Nam; Sự kiện chính trị</subfield>
   <subfield code="x">Giàn khoan Hải Dương 981</subfield>
  </datafield>
  <datafield tag="856" ind1=" " ind2=" ">
   <subfield code="u">http://lrc.tdmu.edu.vn/opac/search/detail.asp?aID=2&amp;ID=27251</subfield>
  </datafield>
  <datafield tag="980" ind1=" " ind2=" ">
   <subfield code="a">Trung tâm Học liệu Trường Đại học Thủ Dầu Một</subfield>
  </datafield>
 </record>
</collection>
